| 000 | 01295nkc a2200265za 4500 | ||
|---|---|---|---|
| 001 | 84158 | ||
| 003 | OSt | ||
| 005 | 20260303115659.0 | ||
| 007 | kh bo | ||
| 008 | 250314s1906 sp ||||| |||| 00| i|spa d | ||
| 040 |
_cM-RABA _aM-RABA _bspa |
||
| 245 | 0 | 1 |
_a[Monasterio de Santa María de Zamarce _b: Portada] _h[Material gráfico] |
| 260 | _cca. 1906 | ||
| 300 |
_a1 Fotografía : _bGelatina de plata ; _c22,5 x 15,5 cm |
||
| 500 | _aImagen de la portada del Monasterio de Santa María de Zamarce (Navarra) | ||
| 500 | _aAl verso, ms. a tinta: “2º Pórtico Zamarce”. | ||
| 500 | _aEstaban incluidas en un sobre con membrete del Boletín de la Sociedad Española de Excursiones, con anotaciones mss. a lápiz: “Románico – Portadas”. | ||
| 504 | _aIdentificada en: B.S.E.E, 1906, tomo XIV, 1ª lám. del artículo de E. Serrano Fatigati: “Portadas del periodo románico y del de transición al ojival”, pp. 6-17. | ||
| 610 | 2 | 0 |
_aMonasterio de Santa María de Zamarce _9111582 |
| 651 | 7 |
_aNavarra _zUharte Arakil |
|
| 655 | 0 |
_aFotografías de monumentos _9111580 |
|
| 852 | _jFot-26 | ||
| 856 |
_3Fot-26 _uhttps://archivoybiblioteca.realacademiabellasartessanfernando.com/cgi-bin/koha/opac-retrieve-file.pl?id=c722e6a070aab4bbf478fbaf47393274 |
||
| 942 |
_2ddc _cFOTOGRAFÍA _n0 |
||
| 999 |
_c84158 _d84158 |
||